Statistics for 20 Countries by Coordinates of Geographical Center

Click here to take the quiz!

General Stats

  • This quiz has been taken 38 times
  • The average score is 6 of 20

Answer Stats

LAT LON COUNTRY % Correct
46.5 2.7 France
83%
28.1 2.8 Algeria
48%
31.4 35.2 Israel
39%
8.6 1.2 Togo
35%
-41.8 172.9 New Zealand
35%
7.9 -1.0 Ghana
35%
46.9 103.3 Mongolia
35%
39.7 -7.8 Portugal
30%
49.8 15.5 Czech Republic
30%
51.1 10.6 Germany
26%
-0.9 15.3 Republic of the Congo
22%
23.8 90.4 Bangladesh
22%
19.0 -72.5 Haiti
22%
-29.7 28.4 Lesotho
22%
-0.7 12.0 Gabon
17%
13.8 -88.7 El Salvador
13%
4.5 114.9 Brunei
13%
13.5 -15.3 Gambia
13%
-3.5 30.1 Burundi
9%
10.4 -10.7 Guinea
4%

Score Distribution

Percentile by Number Answered

Percent of People with Each Score

Your Score History

You have not taken this quiz